Online Catalogue and eLibrary

Women and politics in ancient Rome / (Record no. 57)

MARC details
000 -LEADER
fixed length control field 00503pam a2200193 a 4500
001 - CONTROL NUMBER
control field 600100
005 - DATE AND TIME OF LATEST TRANSACTION
control field 20231123003502.0
008 - FIXED-LENGTH DATA ELEMENTS--GENERAL INFORMATION
fixed length control field 911129s1992 enk b 001 0 eng
020 ## - INTERNATIONAL STANDARD BOOK NUMBER
ISBN 0415057779
040 ## - CATALOGING SOURCE (பட்டியலாக்க மூலம்)
Original cataloging agency DLC
Transcribing agency DLC
Modifying agency DLC
082 00 - DDC Classification
Class No. 305.42/0937/6
DDC Edition Number 20
Item Number - Author Mark RIC.
100 1# - MAIN ENTRY--PERSONAL NAME
Personal name Bauman, Richard A.
245 10 - TITLE STATEMENT
Title Women and politics in ancient Rome /
Statement of responsibility, etc. Richard A. Bauman.
260 ## - PUBLICATION, DISTRIBUTION, ETC.
Place of publication, distribution, etc. London ;
-- New York :
Name of publisher, distributor, etc. Routledge,
Date of publication, distribution, etc. 1992.
300 ## - PHYSICAL DESCRIPTION
Extent (e.g. Volumes, Pages etc.) xvi, 294 p. ;
650 #0 - SUBJECT ADDED ENTRY--TOPICAL TERM
Topical term or geographic name entry element Women
650 #0 - SUBJECT ADDED ENTRY--TOPICAL TERM
Topical term or geographic name entry element Women
942 ## - Koha item type (Biblio)
Koha item type Books in Stacks (Lending)
Holdings
Lost status Damaged status Collection code Home library Current library Date acquired Full call number Accession Number Item type
    Lending WERC Library WERC Library 11/23/2023 305.42/0937/6 RIC. 3844 Books in Stacks (Lending)

© WERC Library